| 000 | 00710nam a2200181Ia 4500 | ||
|---|---|---|---|
| 008 | 090630s9999 xx 000 0 und d | ||
| 082 | _b8631 | ||
| 100 | _aतेंडूलकर प्रिया. | ||
| 245 |
_aज्याचा त्याचा प्रश्न. _cतेंडूलकर प्रिया. |
||
| 260 |
_bडिंपल - वसई. _c1987 |
||
| 300 | _a171 | ||
| 600 | _aतेंडूलकर प्रिया. | ||
| 630 | _aज्याचा त्याचा प्रश्न. | ||
| 655 | _aलघुकथा. | ||
| 700 | _aतेंडूलकर प्रिया. | ||
| 730 | _aज्याचा त्याचा प्रश्न. | ||
| 942 | _cBOOK | ||
| 999 |
_c260487 _d260487 |
||